00445 2200181 4500001002100000005001500021008004100036020002200077035001900099041000700118082001000125090001600135100002100151245001600172260003100188300002700219650001700246INLIS00000000000692520241224113358241224||||||||| | ||| |||| || |  a978-602-7652-22-4 0010-1224006925 aid0 a372.2 a372.2 HER p0 aHerlina Sitorus.00aSirkus Seru atangerangbBuah Hatic2013 a24,5x19,5 cm, 76 hlm.; 0aketerampilan